000 00350 a2200157 4500
001 61819
020 _a9783848003143
040 _cAnchieta - Pituba
100 _aAbenstein, Edelgard
240 1 0 _aBerlin
_lpor
245 1 0 _aBerlin
300 _a431
362 0 _a2013
650 4 _aLínguas germânicas (teutônicas) língua alemã
942 _cBK
999 _c61819
_d61819